Podpora výroby biopalív z domácich obnoviteľných zdrojov v daňovej sústave SR
Potreba výskumu a výroby alternatívnych pohonných hmôt. Úžitky z výroby a používania biopalív. Analýza zdanenia biopalív v daňovej sústave Slovenskej republiky. Legislatívna úprava zdanenia ekologického paliva v zákone NR SR č. 316/1993 Z.z. o spotrebnej dani z uhľovodíkových palív a mazív. Legislat...
Enregistré dans:
| Auteur principal: | |
|---|---|
| Format: | Chapitre de livre |
| Langue: | slovaque |
| Sujets: | |
| Tags: |
Pas de tags, Soyez le premier à ajouter un tag!
|
MARC
| LEADER | 00000naa$a2200000$$$4500 | ||
|---|---|---|---|
| 001 | 0017763 | ||
| 005 | 20240502071404.3 | ||
| 041 | 0 | |a slo | |
| 044 | |a SK | ||
| 245 | 1 | 0 | |a Podpora výroby biopalív z domácich obnoviteľných zdrojov v daňovej sústave SR |c aut. Eva Romančíková |
| 520 | |a Potreba výskumu a výroby alternatívnych pohonných hmôt. Úžitky z výroby a používania biopalív. Analýza zdanenia biopalív v daňovej sústave Slovenskej republiky. Legislatívna úprava zdanenia ekologického paliva v zákone NR SR č. 316/1993 Z.z. o spotrebnej dani z uhľovodíkových palív a mazív. Legislatívna úprava výroby biopalív v zmysle zákona č. 239/2001 Z.z. o spotrebnej dani z minerálnych olejov. Nový zákon č. 98/2004 Z.z. o spotrebnej dani z minerálneho oleja. | ||
| 610 | 2 | 0 | |a bioenergetika |
| 610 | 2 | 0 | |a palivá |
| 610 | 2 | 0 | |a zdroje energetické |
| 610 | 2 | 0 | |a zdaňovanie |
| 610 | 2 | 0 | |a legislatíva |
| 610 | 2 | 0 | |a dane spotrebné |
| 610 | 2 | 0 | |a Slovensko |
| 100 | 1 | |a Romančíková, Eva | |